000 00307nam a2200121Ia 4500
005 20251222155146.0
008 251222s9999||||xx |||||||||||||| ||spa||
082 _aNUT.38
100 _aMINISTERIO DE SALUD.
245 0 _aNormas técnico administrativos atención integral
264 _bMinsa
942 _cLIB
999 _c39371
_d39371